000 00698 a2200229 4500
005 20260410141803.0
008 260410b |||||||| |||| 00| 0 eng d
020 _a978-93-5516-940-2
037 _cTB
040 _aAL
_cAL
041 _2eng
_aeng
084 _aMV41.41 R5
_qAL
100 _aChoudhary, Shruti
_91113137
245 _aChina's "second battlefield":
_bpolitical warfare in combat operations
260 _aNew Delhi, India:
_bSumit Enterprises,
_c2025.
300 _a228p.
365 _a1495
_bINR
650 _aMilitary Science
650 _aWar
942 _cTB
_2CC
_hMV41.41 R5
999 _c1678481
_d1678481